header

The danger of music and other anti-utopian essays (Record no. 57913)

MARC details
000 -LEADER
fixed length control field 01307nam a2200337Ia 4500
082 04 - DEWEY DECIMAL CLASSIFICATION NUMBER
Classification number 780.9
100 1# - MAIN ENTRY--AUTHOR NAME
Personal name Taruskin, Richard.
245 14 - TITLE STATEMENT
Title The danger of music and other anti-utopian essays
260 ## - PUBLICATION, DISTRIBUTION, ETC. (IMPRINT)
Place of publication Berkeley :
Name of publisher University of California Press,
Year of publication c2009.
300 ## - PHYSICAL DESCRIPTION
Number of Pages xvi, 488 p. :
Other physical details ill.
500 ## - GENERAL NOTE
General note "Roth Family Foundation music in America imprint"--Prelim. p.
650 #0 - SUBJECT ADDED ENTRY--TOPICAL TERM
Topical Term Musical criticism.
Topical Term Music trade.
856 40 - ELECTRONIC LOCATION AND ACCESS
Uniform Resource Identifier http://site.ebrary.com/lib/rucke/Doc?id=10675693

No items available.

© 2026 Rongo University
Contact us: librarian | system librarian | Rongo university